On shakespeare and early modern literature : (Record no. 10260)

MARC details
000 -LEADER
fixed length control field 00524cam a2200181ua 4500
001 - CONTROL NUMBER
control field 11430
005 - DATE AND TIME OF LATEST TRANSACTION
control field 20260515114743.0
008 - FIXED-LENGTH DATA ELEMENTS--GENERAL INFORMATION
fixed length control field 190919n ii |||gr||||Z||||||eng
020 ## - INTERNATIONAL STANDARD BOOK NUMBER
International Standard Book Number 9780198835790
040 ## - CATALOGING SOURCE
Transcribing agency MAIN
082 ## - DEWEY DECIMAL CLASSIFICATION NUMBER
Classification number 820.9003
100 ## - MAIN ENTRY--PERSONAL NAME
Personal name John Kerrigan . ,
Relator term Editor.
245 ## - TITLE STATEMENT
Title On shakespeare and early modern literature :
Remainder of title essays /
Statement of responsibility, etc. Edited by John Kerrigan .
260 ## - PUBLICATION, DISTRIBUTION, ETC.
Place of publication, distribution, etc. New Delhi:
Name of publisher, distributor, etc. Oxford University press,
Date of publication, distribution, etc. 2001.
300 ## - PHYSICAL DESCRIPTION
Extent 266p.
653 ## - INDEX TERM--UNCONTROLLED
Uncontrolled term English.& Old English literatures
942 ## - ADDED ENTRY ELEMENTS (KOHA)
Koha item type Books
Holdings
Withdrawn status Lost status Damaged status Not for loan Home library Current library Shelving location Date acquired Total checkouts Full call number Barcode Date last seen Copy number Price effective from Koha item type
        Naharkatiya College Library Naharkatiya College Library General stacks 09/19/2020   820.9003English Literature | KER 27655 09/19/2020 1 09/19/2020 Books
        Naharkatiya College Library Naharkatiya College Library General stacks 09/19/2020   820.9003English Literature | KER 27656 09/19/2020 2 09/19/2020 Books